| 000 | 02390nam a22002057a 4500 | ||
|---|---|---|---|
| 003 | DO-CoUTE | ||
| 005 | 20260506150237.0 | ||
| 008 | 260506b dr ||||| |||| 00| 0 spa d | ||
| 040 |
_aDO-CoUTE _bspa _cDO-CoUTE |
||
| 082 | _aRD616.S195D2021 | ||
| 100 | 1 |
_aSang Ben, Miguel _eAutor |
|
| 245 | 1 | 0 |
_aDivagando : _bCon el Covid-19 durante el confinamiento / _cMiguel Sang Ben |
| 260 |
_aSanto Domingo ; _bInstituto Superior para la defensa general juan pablo duarte y diez, _c2021 |
||
| 300 |
_a207 Pagina _c23cm, |
||
| 504 | _aIncluye referencia bibliográfica e índice. | ||
| 505 | _aPrologo 7 -- Introducción 13 -- El encuentro del mundo chino con sus antípodas dominicanos 17 -- Un ejemplo de «Mestizaje cultural» 35 -- Otro ejemplo de «Mestizaje cultural» 39 -- «Ciencia e inconciencia»: geopolítica del ´´Novo coronavirus´´ 43 -- «Ciencia y política» con el Novo coronavirus 49 -- «El país de María Santísima» 55 -- «Trascender las fronteras»: el impacto mediático de la crisis 59 -- «Las estrategias para vencer en la Guerra Mundial contra el Coronavirus» 63 -- «Política y Coronavirus»: ¿Cuál es la cuestión? 71 -- «De regreso al futuro»: neo-guerra fría y el Covid-19 77 -- «Quo Vadis, Humanes»: sobre la filosofía frente a la pandemia 85 -- «¿Nos llevará el Covid-19 a un gobierno mundial?» 97 -- «Voldermort como clave de una conspiración del Covid-19»: sobre las teorías de las ´´conspiraciones´´ 103 -- «Unas elecciones en medio del Covid-19» 115 -- «¿Una nueva organización de las naciones unidas? » 119 -- «¿Es China culpable?» 123 -- «¿El futuro centro pandémico será América Latina?» 131 -- El valor de la «Cumbre por la unidad y recuperación nacional» 135 -- «Ciencia vs. política»: ¿Cuál será el desenlace? 139 -- «Covid-19»: los riesgos de la reapertura precipitada 147 -- «Covid-19 y violencia policial»: ¿Un cóctel inflamable? 151 -- «Covid-19: ¿Cómo nos está afectando psicológicamente? » 155 -- «¿Cómo está afectando el Covid-19 a las religiones?» 167 -- «¿Cómo está afectando el Covid-19 a las industrias creativas? » 175 -- «Como está afectando el Covid-19 a las fuerzas armadas» 183 -- «Ángela Merkel»: Una grande estadista de la era pandémica 187 -- Epílogo 203 | ||
| 650 | 4 | _apandemia | |
| 700 | 1 |
_aMiguel Sang Ben _eAutor |
|
| 942 |
_2ddc _cBK |
||
| 999 |
_c24173 _d24173 |
||